00314 a2200133 450000100060000002000150000604000240002110000260004524000320007124500270010330000100013036200090014065000310014947228 a8599007017 cAnchieta - Aquarius aGouveia, Luis Augusto10aAsas da imaginaçãolpor10aAsas da imaginação a111p.0 a2007 4aLiteratura infanto-juvenil